L'Evangile de Jésus-Christ (Registro nro. 86686)
[ vista simple ]
| 000 -ENCABEZADO | |
|---|---|
| Número de control [NR] | 00763nam a22002297a 4500 |
| 008 - DE LONGITUD FIJA DE DATOS DE ELEMENTOS - INFORMACIÓN GENERAL | |
| Elementos de longitud fija [NR] | 130821s1929 fr gr dfre |
| 040 ## - FUENTE DE CATALOGACION [NR] | |
| Agencia de catalogación original [NR] | Co-BoUCM |
| Idioma de catalogación [NR] | spa |
| 041 00 - CODIGO DE IDIOMA [R] | |
| Código de idioma para texto/pista de sonido o título separado [R] | Francés |
| 100 ## - ASIENTO PRINCIPAL--NOMBRE PERSONAL [NR] | |
| Nombre personal [NR] | Lagrange, Marie Joseph,1855-1938 |
| ID Autoridad | 90282 |
| 245 03 - MENCION DE TITULO [NR] | |
| Título [NR] | L'Evangile de Jésus-Christ |
| Mención de responsabilidad, etc. [NR] | Par Marie Joseph Lagrange |
| 250 ## - MENCION DE EDICION [NR] | |
| Mención de edición [NR] | 6a.ed |
| 260 ## - PUBLICACION, DISTRIBUCION, ETC. (PIE DE IMPRENTA) [R] | |
| Lugar de publicación, distribución, etc. [R] | París (Francia) |
| Nombre del editor, distribuidor, etc. [R] | Librairie Lecoffre |
| Fecha de publicación, distribución, etc. [R] | 1929 |
| 300 ## - DESCRIPCION FISICA [R] | |
| Extensión [R] | 656 páginas |
| 490 ## - MENCION DE SERIE [R] | |
| Mención de serie [R] | Etudes Bibliques |
| 500 ## - NOTA GENERAL [R] | |
| Nota general [NR] | Notas a pie del texto. -- Incluye índice alfabético y general |
| 600 ## - ASIENTO SECUNDARIO DE MATERIA - NOMBRE PERSONAL [R] | |
| Nombre personal [NR] | Jesucristo |
| 9 (RLIN) | 1986 |
| 600 ## - ASIENTO SECUNDARIO DE MATERIA - NOMBRE PERSONAL [R] | |
| Nombre personal [NR] | Jesucristo |
| Subdivisión de forma [R] | Biografías |
| 9 (RLIN) | 1987 |
| 630 ## - ASIENTO SECUNDARIO DE MATERIA - TITULO UNIFORME [R] | |
| Título uniforme [NR] | Biblia |
| Nombre de la parte o sección de la obra [R] | A.T. |
| 9 (RLIN) | 4832 |
| 650 04 - ASIENTO SECUNDARIO DE MATERIA - TERMINO TEMATICO [R] | |
| Término temático o nombre geográfico como elemento de entrada [NR] | Biografías |
| 9 (RLIN) | 7343 |
| 942 ## - ELEMENTOS DE ENTRADA AGREGADOS (KOHA) | |
| Tipo de ítem principal el descrito en 300a | Libro |
| Tema principal | Biografías |
| Edición | 6 |
| Parte restante de la signatura top. | L14 |
| Título oculto en OPAC | No |
| Sistema de clasificación | DEWEY |
| Clasificación | 922 |
| Signatura topográfica | Código de barras | Última vez visto | Volúmen / Fascículo | Ejemplar | Price effective from | Tipo de ítem | Perdido | Sistema de clasificación | Dañado | No prestable | Tipo de ítem específico | Suprimido | Ubicación habitual | Ubicación actual | Localización | Fecha de creación | Forma de adquisición | Costo |
|---|---|---|---|---|---|---|---|---|---|---|---|---|---|---|---|---|---|---|
| FCS 922 L14 | 120002399 | 11/07/2012 | 6A. ED. | Ej.1 | 03/02/2013 | Libro | DEWEY | Fondos especiales | Archivo Histórico | Archivo histórico | 28/02/2003 | Donación | 1000.00 |